Письма (два) княгини Варвары Сергеевны Голицыной (рожденной Когульской), графу Д.Н. Шереметеву. Здесь же письма Софьи Петровны Б...

Доступно только в Электронных читальных залах Найти на картеНа карте
RUSMARC
00003894nmc2a22002533x 450
001353c8fd2-7d7c-4acf-a8ba-ba6e456652f7
00520230907115713.0
100##$a20230410l18481873k l0rusy0189 ca
1010#$arus
$afre
102##$aRU
105##$ay###
1222#$ad
2001#$aПисьма (два) княгини Варвары Сергеевны Голицыной (рожденной Когульской), графу Д.Н. Шереметеву. Здесь же письма Софьи Петровны Балк-Полевой
$j23 ноября 1848 г. - 21 июля 1873 г.
215##$a7 л.
$d23,5х37,5 см
251##$cДело
300##$aГраф Дмитрий Николаевич Шереметев и его семья. Переписка. Письма разных лиц Д.Н. Шереметеву
300##$aНа русском и французском языках
371##$aДокумент не является опубликованным и широко распространяемым
461#0$100198b93a77-94f0-46bb-a7e0-b5027cc72a67
$12001
$aШереметевы, графы
$1251
$cФонд
$1852
$j1088
462#0$1001d3ce280e-361b-49f4-86d2-e1a120f828b4
$12001
$aЛичные документы, переписка и документы, связанные со служебной и общественной деятельностью графов Бориса Петровича, Петра Борисовича, Николая Петровича и Дмитрия Шереметевых
$1251
$cОпись
$1852
$j1
801#0$aRU
$bРГИА
$c20230410
$gRCR
801#1$aRU
$bГлавНИВЦ
$c20230410
$2rusmarc
801#2$aRU
$bПБ им. Б.Н. Ельцина
$c20230907
$gRCR
$2rusmarc
850##$aРГИА
852##$aРГИА
$eФедеральное казенное учреждение "Российский государственный исторический архив" (РГИА)
$j506
937##$hРГИА
$d12399516
$aASBIBLIO_SCAN
035##$aRusGRCC00060013
856##$uhttp://readingroom.main.prlib.ru/item.aspx?id_node=n187416752&mode=full
Формат отображения